[Event "Avoine op 33rd"]
[Site "Avoine"]
[Date "2018.07.24"]
[Round "4"]
[White "Droin, Augustin"]
[Black "Masson, Benoit"]
[Result "1-0"]
[WhiteElo "2095"]
[BlackElo "1806"]
[PlyCount "69"]
[EventDate "2018.07.21"]
[EventType "swiss"]
[EventRounds "9"]
[EventCountry "FRA"]
[SourceTitle "CBM 185 Extra"]
[Source "ChessBase"]
[SourceDate "2018.07.29"]
[SourceVersion "1"]
[SourceVersionDate "2018.07.29"]
[SourceQuality "1"]

1. e4 c5 2. Nf3 Nc6 3. Bb5 g6 4. 0-0 Bg7 5. c3 Nf6 6. Re1 0-0 7. d4 cxd4 8. cxd4 a6 9. Bf1 d5 10. e5 Ne8 11. h3 Nc7 12. Nc3 Na7 13. a4 Nc6 14. b3 a5 15. Ba3 Na6 16. Qd2 Nab4 17. Nb5 h6 18. Rac1 Bd7 19. Re3 Qb6 20. Ne1 h5 21. Rec3 Bf5 22. Bxb4 Nxb4 23. Nd3 Bxd3 24. Bxd3 Na6 25. Qg5 Qe6 26. f4 Rab8 27. Kh2 Rbc8 28. f5 Qd7 29. fxg6 Rxc3 30. Rxc3 e6 31. Qxh5 fxg6 32. Bxg6 Rf4 33. g3 Rf2+ 34. Kg1 Ra2 35. Qh7+ 1-0